International Economics and International Economics Policy (Record no. 840)

MARC details
005 - DATE AND TIME OF LATEST TRANSACTION
control field 20250318072240.0
020 ## - INTERNATIONAL STANDARD BOOK NUMBER
International Standard Book Number 0-07-034643-7
082 ## - DEWEY DECIMAL CLASSIFICATION NUMBER
Classification number 382.1 KIN
100 ## - MAIN ENTRY--PERSONAL NAME
Author name KING, P.
245 ## - TITLE STATEMENT
Title International Economics and International Economics Policy
250 ## - EDITION STATEMENT
Edition statement 2nd Ed.
260 ## - PUBLICATION, DISTRIBUTION, ETC.
Place of publication, distribution, etc. New York,
Name of publisher, distributor, etc. Mcgraw- Hill Irwin,
Date of publication, distribution, etc. 1995.
300 ## - PHYSICAL DESCRIPTION
Extent XI,433P.:Ill.; table.
Dimensions 22cm.
942 ## - ADDED ENTRY ELEMENTS (KOHA)
Source of classification or shelving scheme Dewey Decimal Classification
Koha item type Books
Holdings
Date last seen Total checkouts Full call number Barcode Cost, replacement price Price effective from Koha item type Lost status Source of classification or shelving scheme Damaged status Not for loan Withdrawn status Home library Current library Shelving location Date acquired Cost, normal purchase price
03/18/2025   382.1 KIN 0000003469 48000.00 03/18/2025 Books   Dewey Decimal Classification       College of Business Education Main Library College of Business Education Main Library General Collection 03/18/2025 16000.00
03/18/2025   382.1 KIN 0000003479 48000.00 03/18/2025 Books   Dewey Decimal Classification       College of Business Education Main Library College of Business Education Main Library General Collection 03/18/2025 16000.00
03/18/2025   382.1 KIN 0000003480 48000.00 03/18/2025 Books   Dewey Decimal Classification       College of Business Education Main Library College of Business Education Main Library General Collection 03/18/2025 16000.00